| 000 | 00533nam a2200169Ia 4500 | ||
|---|---|---|---|
| 008 | 090711s9999 xx 000 0 und d | ||
| 082 | _b40592 | ||
| 100 | _aदांडेकर मालती | ||
| 245 | _aअलका तू असं लिही | ||
| 260 | _c1979 | ||
| 300 | _a208 | ||
| 600 | _aदांडेकर मालती | ||
| 630 | _aअलका तू असं लिही | ||
| 700 | _aदांडेकर मालती | ||
| 730 | _aअलका तू असं लिही | ||
| 942 | _cBOOK | ||
| 999 |
_c315528 _d315528 |
||